Tres ensayos sobre el Quijote /
Αποθηκεύτηκε σε:
| Κύριος συγγραφέας: | |
|---|---|
| Μορφή: | Άγνωστο |
| Γλώσσα: | Spanish |
| Έκδοση: |
San José, Costa Rica :
Editorial Cultura Cartaginesa,
1993.
|
| Θέματα: | |
| Ετικέτες: |
Προσθήκη ετικέτας
Δεν υπάρχουν, Καταχωρήστε ετικέτα πρώτοι!
|
MARC
| LEADER | 000000000a22000000004500 | ||
|---|---|---|---|
| 001 | 003356 | ||
| 020 | |a 9977993874 | ||
| 041 | 0 | |a spa | |
| 082 | 0 | 4 | |a CR864.6 |b M977t |
| 100 | 1 | |a Murillo Zamora, Roberto | |
| 245 | 1 | 0 | |a Tres ensayos sobre el Quijote / |c Roberto Murillo Zamora. |
| 260 | 1 | |a San José, Costa Rica : |b Editorial Cultura Cartaginesa, |c 1993. | |
| 300 | |a 79 páginas ; |c 21 cm. | ||
| 650 | 4 | |a ENSAYO COSTARRICENSE | |
| 650 | 4 | |a LITERATURA ESPAÑOLA | |
| 650 | 4 | |a NOVELA | |
| 650 | 4 | |a EL QUIJOTE | |
| 650 | 4 | |a HISTORIA Y CRITICA | |
| 999 | |c 9591 |d 9591 | ||
| 942 | |c BK |h CR864.6 M977t |2 z | ||



